[Event "Jugendweltmeisterschaft U18w"]
[Site "Belfort (FRA)"]
[Date "2005.07.26"]
[Round "9"]
[White "Hoolt, Sarah"]
[Black "Schneider, Veronika"]
[Result "1/2-1/2"]
[WhiteElo "2127"]
[BlackElo "2215"]
[PlyCount "110"]
[EventDate "2005.07.18"]

1. e4 c5 2. Nf3 e6 3. d4 cxd4 4. Nxd4 a6 5. Nc3 Qc7 6. g3 Nf6 7. Bg2 d6 8. O-O
Be7 9. Re1 O-O 10. Qf3 Nbd7 11. Qe2 Ne5 12. Kh1 Nc6 13. Nxc6 bxc6 14. e5 dxe5
15. Qxe5 Bd6 16. Qe2 Bb7 17. Bg5 Be7 18. Bf4 Qb6 19. Na4 Qb4 20. b3 c5 21. c4
Bxg2+ 22. Kxg2 Rad8 23. Rad1 Qb7+ 24. Qf3 Qxf3+ 25. Kxf3 h5 26. h3 Rfe8 27. Bc7
Rxd1 28. Rxd1 Rc8 29. Be5 Rc6 30. Nc3 Kf8 31. Ne4 Nxe4 32. Kxe4 f6 33. Bc3 Rd6
34. Rxd6 Bxd6 35. a3 f5+ 36. Ke3 g5 37. b4 cxb4 38. axb4 f4+ 39. Kf3 fxg3 40.
fxg3 Ke8 41. g4 hxg4+ 42. Kxg4 Be7 43. b5 axb5 44. cxb5 Kd7 45. Bd2 Kc7 46.
Bxg5 Bc5 47. Kf3 Kb6 48. h4 Kxb5 49. Ke4 Kc6 50. Ke5 Kd7 51. Kf6 Bd4+ 52. Kf7
e5 53. Kf6 Bf2 54. h5 e4 55. h6 e3 1/2-1/2

[Event "Jugendweltmeisterschaft U18w"]
[Site "Belfort (FRA)"]
[Date "2005.07.26"]
[Round "9"]
[White "Kanzler, Karina Daniela"]
[Black "Gussakovski, Jana"]
[Result "1-0"]
[WhiteElo "1599"]
[BlackElo "2085"]
[PlyCount "125"]
[EventDate "2005.07.18"]

1. e4 c5 2. Nf3 e6 3. d4 cxd4 4. Nxd4 Nf6 5. Nc3 Bb4 6. f3 Nxe4 7. Nde2 Nxc3 8.
Nxc3 Nc6 9. Bd2 d5 10. Bb5 O-O 11. a3 Bd6 12. g3 a6 13. Bd3 Ne5 14. Qe2 b5 15.
f4 Nxd3+ 16. Qxd3 Bb7 17. Ne2 Qc7 18. b4 Qc4 19. Qxc4 dxc4 20. Rf1 e5 21. f5 f6
22. O-O-O Rfd8 23. Be3 Bc7 24. Nc3 Rxd1+ 25. Rxd1 Rd8 26. Rg1 Kf7 27. g4 e4 28.
Ne2 Be5 29. h4 Bc8 30. Bc5 Rd5 31. Be3 Bb7 32. Bc5 a5 33. Re1 axb4 34. Bxb4 Bd6
35. Bxd6 Rxd6 36. Nc3 Bc6 37. Rd1 Rxd1+ 38. Kxd1 Ke7 39. Ke2 Kd6 40. Ke3 Ke5
41. Ne2 Bd7 42. Ng3 Bc6 43. c3 g6 44. fxg6 hxg6 45. h5 gxh5 46. gxh5 f5 47. h6
f4+ 48. Ke2 f3+ 49. Ke3 Kf6 50. Nf5 Kg6 51. Ne7+ Kxh6 52. Nxc6 Kg5 53. Nd4 Kg4
54. Nxb5 Kg3 55. Nd6 Kg4 56. Nxe4 Kf5 57. Nd2 Ke5 58. Nxf3+ Kd5 59. Nd2 Kc5 60.
Ke4 Kb5 61. Kd4 Ka4 62. Kxc4 Ka5 63. Nb3+ 1-0

[Event "Jugendweltmeisterschaft U16"]
[Site "Belfort (FRA)"]
[Date "2005.07.26"]
[Round "9"]
[White "Warakomski, Tomasz"]
[Black "Bindrich, Falko"]
[Result "1-0"]
[WhiteElo "2375"]
[BlackElo "2391"]
[PlyCount "129"]
[EventDate "2005.07.18"]

1. e4 c5 2. Nf3 d6 3. d4 cxd4 4. Nxd4 Nf6 5. Nc3 a6 6. Bc4 e6 7. Bb3 Be7 8. g4
h6 9. Rg1 Nc6 10. Be3 Na5 11. f4 g6 12. g5 hxg5 13. fxg5 Nh7 14. Qd2 Nf8 15.
O-O-O Nxb3+ 16. axb3 Qa5 17. Kb1 e5 18. Nf3 Be6 19. Qf2 Qb4 20. Nd5 Bxd5 21.
exd5 Nd7 22. Qe2 Rh3 23. Qg2 Rh5 24. Nd2 Qh4 25. Nf1 Rc8 26. Qe2 Rh7 27. Rd2
Qh5 28. Qd3 Qh3 29. Ng3 Nc5 30. Qe2 Rh4 31. Bxc5 Rxc5 32. Ne4 Rc7 33. Rg3 Qf5
34. Re3 Rf4 35. h3 Kd7 36. Qg2 Rc8 37. Ka2 Rh8 38. c4 Rhh4 39. Rde2 b6 40. b4
Ke8 41. b3 Kf8 42. c5 bxc5 43. bxc5 Kg7 44. c6 Qc8 45. Rf2 Qc7 46. Rxf4 Rxf4
47. Qd2 Qb6 48. Qc3 Qc7 49. Kb2 Bd8 50. Re2 Qb8 51. Qd3 Bb6 52. Qxa6 Bd4+ 53.
Kc2 Qc7 54. b4 Qd8 55. Qb7 Bb6 56. b5 Ba5 57. Qa7 Bb6 58. Qa3 Kh7 59. Qa6 Kg7
60. Nf6 Bc5 61. c7 Rc4+ 62. Kb1 Rb4+ 63. Rb2 Rxb2+ 64. Kxb2 Bd4+ 65. Kb1 1-0

[Event "Jugendweltmeisterschaft U16w"]
[Site "Belfort (FRA)"]
[Date "2005.07.26"]
[Round "9"]
[White "Pelletier, Katherine"]
[Black "Laake, Jasmin"]
[Result "1-0"]
[WhiteElo "2096"]
[BlackElo "1936"]
[PlyCount "109"]
[EventDate "2005.07.18"]

1. e4 c5 2. Nf3 d6 3. d4 cxd4 4. Nxd4 Nf6 5. Nc3 a6 6. Be3 e5 7. Nb3 Be6 8. f3
Nbd7 9. Qd2 b5 10. O-O-O Nb6 11. Qf2 Nfd7 12. Kb1 Be7 13. Nd5 Bxd5 14. exd5 O-O
15. g4 Nc4 16. Bc1 Ndb6 17. h4 a5 18. g5 a4 19. Nd2 a3 20. b3 Nb2 21. Bxb2 axb2
22. Bxb5 Nxd5 23. Ne4 Qa5 24. a4 Nc7 25. c4 d5 26. Rxd5 Nxd5 27. cxd5 Ba3 28.
Qc2 Rab8 29. Bc4 Qb6 30. Qd3 Rfc8 31. Nd2 Bb4 32. Ne4 Ba3 33. Ka2 Bc5 34. Kxb2
Bd4+ 35. Ka2 Qb4 36. d6 Ra8 37. Bb5 Rxa4+ 38. Bxa4 Ra8 39. Qc2 Qb7 40. Rc1 h6
41. gxh6 g6 42. Qc6 Qa7 43. Ng5 Bb6 44. d7 Bd8 45. Qc4 Qxd7 46. h7+ Kg7 47.
Qxf7+ Qxf7 48. Nxf7 Kxh7 49. Nxd8 Rxd8 50. Bc6 Kh6 51. Rc4 Kh5 52. b4 g5 53.
hxg5 Kxg5 54. b5 Rb8 55. Kb3 1-0

[Event "Jugendweltmeisterschaft U16w"]
[Site "Belfort (FRA)"]
[Date "2005.07.26"]
[Round "9"]
[White "Huddleston, Heather"]
[Black "Shmirina, Evgenija"]
[Result "1/2-1/2"]
[WhiteElo "2027"]
[BlackElo "2157"]
[PlyCount "38"]
[EventDate "2005.07.18"]

1. d4 f5 2. c4 e6 3. Nf3 Nf6 4. Nc3 Bb4 5. Bg5 O-O 6. e3 Bxc3+ 7. bxc3 b6 8.
Bd3 Bb7 9. O-O d6 10. d5 exd5 11. cxd5 Bxd5 12. Bxf5 Bc4 13. Re1 Nbd7 14. Nd4
Nc5 15. Qc2 h6 16. Bh4 Qe8 17. Bg6 Bf7 18. Bf5 Bc4 19. Bg6 Bf7 1/2-1/2

[Event "Jugendweltmeisterschaft U16w"]
[Site "Belfort (FRA)"]
[Date "2005.07.26"]
[Round "9"]
[White "Tonel, Giulia"]
[Black "Ohme, Melanie"]
[Result "1-0"]
[WhiteElo "1793"]
[BlackElo "2066"]
[PlyCount "73"]
[EventDate "2005.07.18"]

1. e4 c5 2. Nf3 e6 3. c4 d6 4. Nc3 Nf6 5. g3 Be7 6. Bg2 O-O 7. d4 cxd4 8. Nxd4
Qc7 9. b3 a6 10. Bb2 Nbd7 11. O-O Rb8 12. Rc1 b6 13. Kh1 Bb7 14. f4 Rfe8 15.
Nc2 Rbd8 16. h3 Nc5 17. Qe2 d5 18. cxd5 exd5 19. exd5 Nxd5 20. Nxd5 Bxd5 21.
Ne3 Bxg2+ 22. Qxg2 Qb8 23. Rcd1 Nd3 24. Ba1 Bc5 25. Nd5 Nb4 26. Qb2 f6 27. Qg2
Rd6 28. Bc3 Qd8 29. Bxb4 Bxb4 30. Qc2 b5 31. Nxb4 a5 32. Rxd6 Qxd6 33. Nc6 Re3
34. Rd1 Qe6 35. Qg2 Kf8 36. Rd8+ Kf7 37. Rd2 1-0

[Event "Jugendweltmeisterschaft U14"]
[Site "Belfort (FRA)"]
[Date "2005.07.26"]
[Round "9"]
[White "Hess, Robert L"]
[Black "Huschenbeth, Niclas"]
[Result "1-0"]
[WhiteElo "2278"]
[BlackElo "2180"]
[PlyCount "77"]
[EventDate "2005.07.18"]

1. e4 c5 2. Nf3 d6 3. Bb5+ Nd7 4. d4 cxd4 5. Qxd4 a6 6. Bxd7+ Bxd7 7. Nc3 Nf6
8. Bg5 h6 9. Bxf6 gxf6 10. Nd5 Rc8 11. O-O-O b5 12. Rhe1 Rc4 13. Qa7 e6 14. e5
fxe5 15. Nxe5 Bg7 16. Nxc4 bxc4 17. Nc7+ Ke7 18. Qb6 Bb5 19. Nd5+ Ke8 20. Qxd8+
Kxd8 21. Ne3 Kc7 22. a4 Bxa4 23. Nxc4 Rd8 24. f4 Bb5 25. Ne3 Bc6 26. f5 Rb8 27.
b3 Bc3 28. Rf1 Be4 29. fxe6 fxe6 30. Rf7+ Kc6 31. Re7 Rb5 32. Rxe6 Be5 33. Nc4
Bf4+ 34. Kb2 Bd5 35. Rf6 Bxh2 36. Rxh6 Bf4 37. Rf6 Bh2 38. Rh1 Bg3 39. Rh3 1-0

[Event "Jugendweltmeisterschaft U14"]
[Site "Belfort (FRA)"]
[Date "2005.07.26"]
[Round "9"]
[White "Azemati, Amir"]
[Black "Bogner, Sebastian"]
[Result "1-0"]
[WhiteElo "2078"]
[BlackElo "2361"]
[PlyCount "51"]
[EventDate "2005.07.18"]

1. d4 Nf6 2. c4 g6 3. Nc3 Bg7 4. e4 d6 5. f3 O-O 6. Be3 c5 7. Nge2 Qa5 8. Qd2
Nc6 9. g4 Bxg4 10. fxg4 Nxg4 11. d5 Nce5 12. Ng1 Nxe3 13. Qxe3 Qb4 14. O-O-O
Nxc4 15. Bxc4 Qxc4 16. Nge2 Qa6 17. Qd3 Qa5 18. h4 Rfb8 19. h5 b5 20. hxg6 hxg6
21. Qh3 b4 22. Nf4 bxc3 23. Nxg6 fxg6 24. Rdf1 cxb2+ 25. Kb1 Bf6 26. Qh7+ 1-0

[Event "Jugendweltmeisterschaft U14w"]
[Site "Belfort (FRA)"]
[Date "2005.07.26"]
[Round "9"]
[White "Winkelmann, Elena"]
[Black "Kharisma, Irine"]
[Result "1-0"]
[WhiteElo "2040"]
[BlackElo "2010"]
[PlyCount "91"]
[EventDate "2005.07.18"]

1. d4 d5 2. c4 e6 3. cxd5 exd5 4. Nc3 Nf6 5. Bg5 Be7 6. e3 O-O 7. Bd3 c6 8. Qc2
Nbd7 9. Nf3 Re8 10. O-O-O h6 11. Bxf6 Nxf6 12. h3 b5 13. g4 b4 14. Na4 Ne4 15.
Ne5 Bd6 16. Bxe4 dxe4 17. Nxc6 Qd7 18. d5 Bb7 19. Nc5 Bxc5 20. Qxc5 Rac8 21.
Kb1 Bxc6 22. dxc6 Qxc6 23. Qxc6 Rxc6 24. Rd4 a5 25. Rd5 Ra6 26. Rc1 Kh7 27.
Rcc5 Rea8 28. Re5 Rf6 29. Rxa5 Rxa5 30. Rxa5 Rxf2 31. Re5 Rf3 32. Rxe4 Rxh3 33.
Rxb4 Rxe3 34. a4 Re5 35. Rf4 Kg6 36. b4 f5 37. Rxf5 Re4 38. Rb5 Rxg4 39. a5 Rc4
40. a6 Rc8 41. a7 Ra8 42. Ra5 h5 43. b5 h4 44. b6 h3 45. Ra3 Rh8 46. a8=Q 1-0

[Event "Jugendweltmeisterschaft U14w"]
[Site "Belfort (FRA)"]
[Date "2005.07.26"]
[Round "9"]
[White "Jussupow, Ekaterina"]
[Black "Parrilla, Medina"]
[Result "1-0"]
[WhiteElo "1992"]
[BlackElo "1599"]
[PlyCount "137"]
[EventDate "2005.07.18"]

1. d4 Nf6 2. Nf3 g6 3. c4 Bg7 4. Nc3 d5 5. e3 O-O 6. Qb3 dxc4 7. Bxc4 c5 8. O-O
cxd4 9. Nxd4 Nbd7 10. Rd1 Qa5 11. Bd2 e5 12. Ndb5 Nc5 13. Qc2 Qb6 14. e4 a6 15.
Na3 Bg4 16. Re1 Rfd8 17. Be3 Qc7 18. Nd5 Nxd5 19. Bxd5 Bf8 20. f3 Be6 21. b4
Bxd5 22. exd5 Rxd5 23. bxc5 Bxc5 24. Qb3 Rad8 25. Rac1 Bxe3+ 26. Qxe3 Qa5 27.
Nb1 Rd3 28. Qe2 b5 29. Red1 Rxd1+ 30. Rxd1 Rxd1+ 31. Qxd1 Qxa2 32. Nc3 Qc4 33.
Ne4 Qe6 34. Qd8+ Kg7 35. Qa5 Qc6 36. Qa1 Qb6+ 37. Kf1 f6 38. Qa3 b4 39. Qd3 Qc6
40. Qd8 Qe6 41. Qc7+ Kh6 42. Qc5 Kg7 43. Qxb4 Qd5 44. Qe7+ Qf7 45. Qxf7+ Kxf7
46. Ke2 Ke7 47. Kd3 f5 48. Nc5 a5 49. Kc4 g5 50. Kd5 e4 51. fxe4 fxe4 52. Nxe4
a4 53. Kc4 a3 54. Kb3 a2 55. Kxa2 h6 56. Kb3 Ke6 57. Kc4 Kf5 58. Kd4 Kf4 59.
Ng3 g4 60. Ne2+ Kf5 61. Ke3 h5 62. Ng3+ Kg5 63. Ke4 h4 64. Nf5 g3 65. h3 Kh5
66. Kf4 Kg6 67. Nxh4+ Kf6 68. Nf5 Kg6 69. Nxg3 1-0

[Event "Jugendweltmeisterschaft U12"]
[Site "Belfort (FRA)"]
[Date "2005.07.26"]
[Round "9"]
[White "Zelbel, Patrick"]
[Black "Mohammad, Saeed Ishaq"]
[Result "1/2-1/2"]
[WhiteElo "1927"]
[BlackElo "2120"]
[PlyCount "141"]
[EventDate "2005.07.18"]

1. e4 c5 2. c3 d5 3. exd5 Qxd5 4. d4 Nf6 5. Nf3 Bg4 6. Be2 e6 7. O-O Nc6 8. Be3
cxd4 9. Nxd4 Bxe2 10. Qxe2 Nxd4 11. Bxd4 Be7 12. Rd1 Qc6 13. Nd2 O-O 14. Nf3
Rfd8 15. Rd2 b6 16. Rad1 Rac8 17. Be5 Rxd2 18. Rxd2 Nd7 19. Bg3 Nc5 20. Ne5 Qe8
21. Nd3 Nxd3 22. Rxd3 Rd8 23. b3 Rxd3 24. Qxd3 Qd8 25. Qxd8+ Bxd8 26. Kf1 Kf8
27. Ke2 Ke7 28. Kd3 Kd7 29. f3 Kc6 30. c4 Be7 31. Bf2 a5 32. Bd4 f6 33. Ke4 Bc5
34. Bc3 Ba3 35. Bd2 Bb4 36. Be3 Bc5 37. Bd2 f5+ 38. Kd3 e5 39. Bc3 Kd6 40. Bb2
g6 41. Bc3 Ke6 42. Bb2 g5 43. Bc3 h5 44. h3 g4 45. hxg4 hxg4 46. Bb2 gxf3 47.
gxf3 Bd6 48. Ba1 Ba3 49. Bc3 Bd6 50. Ba1 Bc5 51. Bc3 Bd6 52. Ba1 Kf7 53. Bc3
Kg6 54. c5 Bxc5 55. Bxe5 Kf7 56. Bd4 Bxd4 57. Kxd4 Ke6 58. Kc4 Kd6 59. Kb5 Kc7
60. a3 Kb7 61. b4 axb4 62. axb4 f4 63. Kc4 Ka6 64. Kc3 Kb5 65. Kb3 Kc6 66. Kc4
Kd6 67. Kd4 Kc6 68. Ke4 Kb5 69. Kxf4 Kxb4 70. Ke5 Kc3 71. f4 1/2-1/2

[Event "Jugendweltmeisterschaft U12w"]
[Site "Belfort (FRA)"]
[Date "2005.07.26"]
[Round "9"]
[White "Mammadbayova, Farida"]
[Black "Endress, Anna"]
[Result "1/2-1/2"]
[WhiteElo "1599"]
[BlackElo "1599"]
[PlyCount "127"]
[EventDate "2005.07.18"]

1. e4 c5 2. Nf3 e6 3. d4 cxd4 4. Nxd4 a6 5. Bd3 Bc5 6. Nb3 Be7 7. O-O Nc6 8. c3
Nf6 9. f4 d6 10. Be3 b5 11. a3 Bb7 12. N1d2 O-O 13. g4 e5 14. f5 d5 15. Qe2 Nb8
16. Nc5 Bxc5 17. Bxc5 Re8 18. Rad1 Nbd7 19. Be3 Nxe4 20. Nxe4 dxe4 21. Bc2 Qc7
22. g5 Nc5 23. f6 Rad8 24. fxg7 Ne6 25. Rf6 Nxg7 26. Rdf1 Rd7 27. Bb6 Qc4 28.
Qxc4 bxc4 29. Ba4 Ree7 30. Bc5 Nh5 31. Bxe7 Rxe7 32. Rd6 Nf4 33. Bc6 Nh3+ 34.
Kg2 Nxg5 35. Bxb7 Rxb7 36. Rf2 Ne6 37. Rc6 Nf4+ 38. Kf1 Rd7 39. Rc2 e3 40. Ke1
f5 41. Rxc4 h5 42. Rc6 Rg7 43. Rc8+ Kh7 44. Kf1 e2+ 45. Rxe2 Nxe2 46. Kxe2 Rg2+
47. Kf3 Rxb2 48. Rc5 e4+ 49. Kf4 Rxh2 50. Kxf5 e3 51. Re5 e2 52. Kf4 Rh3 53.
Rxe2 Rxc3 54. Kg5 Rxa3 55. Kxh5 a5 56. Re7+ Kg8 57. Ra7 Ra1 58. Kg4 a4 59. Kf3
a3 60. Kg2 a2 61. Kf2 Kf8 62. Kg2 Ke8 63. Kh2 Kd8 64. Kg2 1/2-1/2

[Event "Jugendweltmeisterschaft U12w"]
[Site "Belfort (FRA)"]
[Date "2005.07.26"]
[Round "9"]
[White "Smolkina, Milana"]
[Black "Karabayeva, Zhanna"]
[Result "1/2-1/2"]
[WhiteElo "1732"]
[BlackElo "1599"]
[PlyCount "85"]
[EventDate "2005.07.18"]

1. e4 c5 2. Nf3 Nc6 3. d4 cxd4 4. Nxd4 g6 5. Nc3 Bg7 6. Be3 Nf6 7. f4 O-O 8. e5
Ne8 9. Qf3 a6 10. O-O-O Qc7 11. Nd5 Qd8 12. Nxc6 bxc6 13. Bb6 Nc7 14. Bxc7 Qe8
15. Nb4 Bb7 16. Ba5 Qc8 17. Qa3 c5 18. Nd5 Bxd5 19. Rxd5 d6 20. exd6 exd6 21.
Rxd6 Qf5 22. g3 Qe4 23. Rg1 Bd4 24. Rg2 Rab8 25. c4 Be3+ 26. Bd2 Qf3 27. Qd3
Rfe8 28. Bxe3 Rxe3 29. Qd1 Qe4 30. Rd8+ Rxd8 31. Qxd8+ Kg7 32. Rd2 Re1+ 33. Rd1
Rxf1 34. Rxf1 Qxc4+ 35. Kd2 Qxf1 36. Qd3 Qg2+ 37. Qe2 Qd5+ 38. Kc2 Qc6 39. Qe5+
Kg8 40. Qb8+ Kg7 41. Qe5+ Kg8 42. Kc3 Qb5 43. Kc2 1/2-1/2

[Event "Jugendweltmeisterschaft U10"]
[Site "Belfort (FRA)"]
[Date "2005.07.26"]
[Round "9"]
[White "Fernandez, Daniel Howard"]
[Black "Xu, Xianliang"]
[Result "1-0"]
[WhiteElo "1871"]
[BlackElo "1599"]
[PlyCount "93"]
[EventDate "2005.07.18"]

1. e4 e5 2. f4 exf4 3. Nf3 Nc6 4. d4 d6 5. Bxf4 Nf6 6. Nc3 Bg4 7. d5 Ne7 8. Bc4
Ng6 9. Bg3 Be7 10. h3 Bd7 11. O-O O-O 12. Nd4 Kh8 13. Qd2 Ne5 14. Be2 Ng6 15.
Bf2 Rg8 16. Be3 Qf8 17. g4 Qc8 18. Kh2 Be8 19. Nf5 Bf8 20. Bd4 Qd8 21. Nh6 Rc8
22. Nb5 Qe7 {#} 23. Bd3 a6 24. Nc3 b5 25. Rae1 Ne5 26. Nxg8 Kxg8 27. Ne2 Ng6
28. Ng3 Qd8 29. b3 Be7 30. Nf5 Bd7 31. Nxg7 Kxg7 32. g5 Kg8 33. gxf6 Bf8 34.
Rf5 Bxf5 35. exf5 Qd7 36. fxg6 fxg6 37. Rf1 Qf7 38. h4 Re8 39. h5 Rd8 40. hxg6
hxg6 41. Qg5 Kh7 42. Kg3 Kg8 43. Bxg6 Qd7 44. f7+ Qxf7 45. Bxf7+ Kh7 46. Rh1+
Bh6 47. Rxh6# 1-0

[Event "Jugendweltmeisterschaft U10"]
[Site "Belfort (FRA)"]
[Date "2005.07.26"]
[Round "9"]
[White "Quintin Navarro, Alberto"]
[Black "Kaphle, Sebastian"]
[Result "0-1"]
[WhiteElo "1599"]
[BlackElo "1944"]
[PlyCount "66"]
[EventDate "2005.07.18"]

1. e4 c5 2. Nf3 Nc6 3. d4 cxd4 4. Nxd4 g6 5. Nc3 Bg7 6. Be3 Nf6 7. f3 O-O 8.
Qd2 d5 9. Nxc6 bxc6 10. O-O-O Be6 11. exd5 cxd5 12. Bh6 Qa5 13. h4 Rfb8 14. h5
Qb4 15. b3 Ne4 16. hxg6 fxg6 17. Bxg7 Nxd2 18. Be5 Rc8 19. Rxd2 Rxc3 20. Bxc3
Qxc3 21. Rd3 Qa1+ 22. Kd2 Rc8 23. Re3 Bf5 24. Rxe7 Rxc2+ 25. Ke3 Qc1+ 26. Kd4
Qf4+ 27. Kxd5 Rd2+ 28. Kc5 Qd6+ 29. Kb5 Rd5+ 30. Ka4 Qxe7 31. Bc4 Bd7+ 32. Bb5
Bxb5+ 33. Ka5 Qa3# 0-1

[Event "Jugendweltmeisterschaft U10"]
[Site "Belfort (FRA)"]
[Date "2005.07.26"]
[Round "9"]
[White "Martinez, Martin"]
[Black "Zier, Oliver"]
[Result "1-0"]
[WhiteElo "1599"]
[BlackElo "1821"]
[PlyCount "133"]
[EventDate "2005.07.18"]

1. e4 c5 2. c3 Nf6 3. d3 Nc6 4. Nf3 e6 5. Bg5 Be7 6. Nbd2 d5 7. Qc2 O-O 8. Be2
b6 9. O-O Bb7 10. c4 dxe4 11. dxe4 Qc7 12. Rfe1 Nd4 13. Nxd4 cxd4 14. f4 h6 15.
Bxf6 Bxf6 16. e5 Be7 17. Bd3 Rac8 18. Rac1 Rfd8 19. Nf3 Bb4 20. Re2 Bc5 21. a3
a5 22. Qd2 a4 23. Qd1 Bc6 24. Qe1 Qb7 25. Qf1 b5 26. Rec2 b4 27. axb4 Qxb4 28.
Qe1 Qb7 29. Qe2 Ra8 30. Ne1 Rdb8 31. g4 Qe7 32. Nf3 a3 33. bxa3 Rxa3 34. Nd2
Rc3 35. Nb1 Rxc2 36. Qxc2 Qb7 37. Nd2 Bh1 38. Nf1 Bf3 39. h3 Qb2 40. Nh2 Qxc2
41. Rxc2 Rb3 42. Nxf3 Rxd3 43. Kg2 Rc3 44. Rxc3 dxc3 45. Ne1 Be3 46. Kf3 Bd2
47. Nc2 Kf8 48. Ke4 Ke7 49. f5 Kd7 50. Nd4 Kc8 51. Kd3 Kd7 52. Nf3 exf5 53.
gxf5 g6 54. e6+ Ke7 55. exf7 Kxf7 56. fxg6+ Kxg6 57. Nxd2 cxd2 58. Kxd2 Kf5 59.
Kc3 Ke5 60. Kb4 Kd6 61. Kb5 Kc7 62. Kc5 h5 63. h4 Kd7 64. Kb6 Kc8 65. Kc6 Kb8
66. Kd7 Kb7 67. c5 1-0

[Event "Jugendweltmeisterschaft U18"]
[Site "Belfort (FRA)"]
[Date "2005.07.27"]
[Round "10"]
[White "Braun, Arik"]
[Black "Bitelmajer, Martin"]
[Result "1-0"]
[WhiteElo "2475"]
[BlackElo "2243"]
[PlyCount "89"]
[EventDate "2005.07.18"]

1. e4 e5 2. d4 exd4 3. Qxd4 Nc6 4. Qe3 Nf6 5. Nc3 d6 6. Bc4 g6 7. Nge2 Bg7 8.
O-O O-O 9. f3 a6 10. Qf2 b5 11. Bb3 Na5 12. Qh4 c5 13. Nd5 Nxd5 14. Qxd8 Rxd8
15. Bxd5 Bb7 16. Bxb7 Nxb7 17. Nf4 c4 18. Rb1 Nc5 19. Rd1 Ne6 20. Nd5 Kf8 21.
Be3 f5 22. exf5 gxf5 23. Kf2 Kf7 24. f4 Rab8 25. Kf3 Rb7 26. g4 fxg4+ 27. Kxg4
Nc5 28. Kf3 b4 29. Bxc5 dxc5 30. Ne3 Rxd1 31. Rxd1 b3 32. Nxc4 bxc2 33. Rc1 Rd7
34. Rxc2 Rd3+ 35. Ke4 Rd1 36. Kf5 Bd4 37. Re2 Rf1 38. b3 h5 39. Nd6+ Kg7 40. h4
Bf2 41. Kg5 Rg1+ 42. Kxh5 Bd4 43. Re6 a5 44. f5 Rg2 45. Rg6+ 1-0

[Event "Jugendweltmeisterschaft U18"]
[Site "Belfort (FRA)"]
[Date "2005.07.27"]
[Round "10"]
[White "Armbrust, Florian"]
[Black "Netzer, Jean"]
[Result "0-1"]
[WhiteElo "2228"]
[BlackElo "2378"]
[PlyCount "112"]
[EventDate "2005.07.18"]

1. e4 e5 2. Nf3 Nc6 3. Bb5 a6 4. Bxc6 dxc6 5. O-O Bg4 6. h3 Bh5 7. d3 Qf6 8.
Be3 Bxf3 9. Qxf3 Qxf3 10. gxf3 Bd6 11. Nd2 Ne7 12. Nc4 Ng6 13. Kg2 f5 14. exf5
Nh4+ 15. Kh2 O-O 16. Nxd6 cxd6 17. f4 exf4 18. Bxf4 Nxf5 19. c3 Rae8 20. Rad1
Re2 21. Rd2 Rfe8 22. Rfd1 Kf7 23. Kg2 R2e6 24. d4 Nh4+ 25. Kg3 Rg6+ 26. Bg5 Re4
27. f4 Nf5+ 28. Kf2 Rge6 29. h4 Ne3 30. Rb1 Kg6 31. Kf3 Ng4 32. d5 Re3+ 33. Kg2
Re2+ 34. Rxe2 Rxe2+ 35. Kf3 Re3+ 36. Kg2 Kf5 37. Rd1 Rxc3 38. Rd2 Rc4 39. b3
Rc3 40. dxc6 Rxc6 41. Be7 Kxf4 42. Bxd6+ Ke3 43. Bb4 b6 44. Rb2 Nf6 45. Rf2 Ne4
46. Rf3+ Ke2 47. Rf5 a5 48. Bf8 Rg6+ 49. Kh3 Rf6 50. Rxf6 gxf6 51. Bh6 b5 52.
a4 b4 53. Bf8 f5 54. Bh6 Kf3 55. Bf8 f4 56. Be7 Ke2 0-1

[Event "Jugendweltmeisterschaft U18w"]
[Site "Belfort (FRA)"]
[Date "2005.07.27"]
[Round "10"]
[White "Pourkashiyan, Atousa"]
[Black "Hoolt, Sarah"]
[Result "0-1"]
[WhiteElo "2261"]
[BlackElo "2127"]
[PlyCount "82"]
[EventDate "2005.07.18"]

1. e4 c5 2. Nf3 e6 3. d4 cxd4 4. Nxd4 a6 5. Bd3 b5 6. O-O Bb7 7. a4 b4 8. c3
Qc7 9. cxb4 Bxb4 10. Qg4 Kf8 11. e5 Bc5 12. Nb3 Be7 13. Bf4 h5 14. Qh3 g5 15.
Bd2 g4 16. Qg3 Nh6 17. Na3 d5 18. Rac1 Nc6 19. Nc5 h4 20. Qf4 Bxc5 21. Qf6 Qxe5
22. Bxh6+ Kg8 23. Qxh4 Qg7 24. Bxg7 Rxh4 25. Bf6 Rh6 26. Bg5 Rh5 27. Rxc5 Rxg5
28. Rfc1 Nb4 29. Bb1 Re5 30. Nc4 Re2 31. Na5 Rb8 32. b3 d4 33. R5c4 d3 34. Rxb4
d2 35. Rf1 Rd8 36. Bc2 Be4 37. Bd1 Bd3 38. Rxg4+ Kf8 39. Bxe2 Bxe2 40. Rd1 Bxd1
41. Nc4 Bxg4 0-1

[Event "Jugendweltmeisterschaft U16"]
[Site "Belfort (FRA)"]
[Date "2005.07.27"]
[Round "10"]
[White "Bindrich, Falko"]
[Black "Wu, Li"]
[Result "1/2-1/2"]
[WhiteElo "2391"]
[BlackElo "2252"]
[PlyCount "79"]
[EventDate "2005.07.18"]

1. e4 c5 2. Nf3 d6 3. d4 cxd4 4. Nxd4 Nf6 5. Nc3 g6 6. Be3 Bg7 7. Bc4 O-O 8. f3
Nc6 9. Qd2 Bd7 10. Bb3 Nxd4 11. Bxd4 b5 12. a4 a6 13. axb5 axb5 14. O-O Bc6 15.
Na2 Qd7 16. Nb4 Bb7 17. Rad1 Qc7 18. Qe2 Qa5 19. c3 Nd7 20. Bd5 Bxd4+ 21. Rxd4
Qb6 22. Kh1 Ne5 23. Rdd1 Bxd5 24. exd5 Rfe8 25. Rd4 Nc4 26. Re4 Qc5 27. Re1 Nb6
28. Qd2 Kg7 29. h4 Nc4 30. Qc1 Ne5 31. h5 Qf2 32. Rf1 Qg3 33. Kg1 gxh5 34. Qe1
Qxe1 35. Rfxe1 Nc4 36. b3 Ne5 37. f4 Ng6 38. Nc6 Kf6 39. Rb4 Ra2 40. Rf1
1/2-1/2

[Event "Jugendweltmeisterschaft U16"]
[Site "Belfort (FRA)"]
[Date "2005.07.27"]
[Round "10"]
[White "Brener, Ilja"]
[Black "Fougerit, Valentin"]
[Result "1-0"]
[WhiteElo "2316"]
[BlackElo "2138"]
[PlyCount "43"]
[EventDate "2005.07.18"]

1. Nf3 Nf6 2. g3 e6 3. Bg2 d5 4. O-O Be7 5. d4 O-O 6. c4 dxc4 7. Nbd2 c5 8.
Nxc4 a6 9. a4 b6 10. Qb3 Nfd7 11. dxc5 Bxc5 12. Bg5 f6 13. Be3 Ra7 14. Rfd1 Qe7
15. Rac1 Rc7 16. Bf4 Ra7 17. Bd6 Bxd6 18. Nxd6 Bb7 19. Nxb7 Rxb7 20. Nd4 Nc5
21. Qa2 Rd7 22. b4 1-0

[Event "Jugendweltmeisterschaft U16w"]
[Site "Belfort (FRA)"]
[Date "2005.07.27"]
[Round "10"]
[White "Shmirina, Evgenija"]
[Black "Kozjukova, Olga"]
[Result "0-1"]
[WhiteElo "2157"]
[BlackElo "1986"]
[PlyCount "91"]
[EventDate "2005.07.18"]

1. e4 c5 2. Nf3 d6 3. d4 cxd4 4. Nxd4 Nf6 5. Nc3 e6 6. Be2 Be7 7. Be3 a6 8. Qd2
Qc7 9. f4 Nbd7 10. g4 b5 11. Bf3 Bb7 12. Qg2 Nc5 13. g5 Nfd7 14. O-O Nb6 15.
Rad1 O-O-O 16. a3 h6 17. g6 Rdf8 18. Qh3 Nc4 19. Bc1 Kb8 20. b3 Nb6 21. Bb2 Bc8
22. Ndxb5 axb5 23. Nxb5 e5 24. Qg2 Qc6 25. Nxd6 Bxd6 26. Rxd6 Qxd6 27. Bxe5
Qxe5 28. fxe5 Be6 29. Bh5 fxg6 30. Rxf8+ Rxf8 31. Qxg6 Nbd7 32. Qg2 Nxe5 33.
Qd2 Ned7 34. Qd6+ Kc8 35. Be2 Rf6 36. Qc6+ Kd8 37. Bd3 Nxd3 38. cxd3 Bh3 39.
Qc1 Nc5 40. Qb1 Nxb3 41. e5 Rf1+ 42. Qxf1 Bxf1 43. Kxf1 Nc5 44. Ke2 Ke7 45. Ke3
Ke6 46. Kd4 0-1

[Event "Jugendweltmeisterschaft U16w"]
[Site "Belfort (FRA)"]
[Date "2005.07.27"]
[Round "10"]
[White "Umudova, Nargiz"]
[Black "Laake, Jasmin"]
[Result "1-0"]
[WhiteElo "2121"]
[BlackElo "1936"]
[PlyCount "73"]
[EventDate "2005.07.18"]

1. e4 c5 2. Nf3 d6 3. d4 cxd4 4. Nxd4 Nf6 5. Nc3 a6 6. Be2 e5 7. Nb3 Be7 8. O-O
O-O 9. a4 Be6 10. f4 Qc7 11. f5 Bc4 12. Be3 d5 13. exd5 Rd8 14. Bxc4 Qxc4 15.
Bg5 Nbd7 16. Qf3 b6 17. Rad1 Rac8 18. d6 Bf8 19. Rf2 h6 20. Be3 Qc6 21. Rfd2
Kh8 22. Nc1 Nc5 23. N1a2 Rxd6 24. Rxd6 Bxd6 25. Qxc6 Rxc6 26. Nb4 Rc8 27. Rxd6
Ng4 28. Nbd5 Rb8 29. b4 Nb7 30. Rxb6 Rc8 31. Rxb7 Nxe3 32. Nxe3 Rxc3 33. Kf2
Ra3 34. a5 Kg8 35. Rb8+ Kh7 36. Rb6 Ra4 37. c4 1-0

[Event "Jugendweltmeisterschaft U14"]
[Site "Belfort (FRA)"]
[Date "2005.07.27"]
[Round "10"]
[White "Huschenbeth, Niclas"]
[Black "Utegaliev, A."]
[Result "1-0"]
[WhiteElo "2180"]
[BlackElo "2249"]
[PlyCount "101"]
[EventDate "2005.07.18"]

1. e4 c5 2. Nf3 d6 3. d4 cxd4 4. Nxd4 Nf6 5. Nc3 a6 6. h3 e6 7. g4 b5 8. a3 Bb7
9. Bg2 h6 10. f4 Be7 11. O-O Nfd7 12. f5 e5 13. Nde2 Qb6+ 14. Kh1 Nf6 15. a4 b4
16. a5 Qc7 17. Nd5 Nxd5 18. exd5 Nd7 19. Ng3 Nf6 20. Qd3 Rc8 21. Rf2 Qc4 22.
Qxc4 Rxc4 23. Rd2 Rc5 24. Ra4 Nxd5 25. Ne4 Rb5 26. Kg1 Bc6 27. Ra1 Kd7 28. Bf1
Rbb8 29. Rd1 Ra8 30. Bc4 Nc7 31. Nc5+ Ke8 32. Nd3 Bf3 33. Re1 Bb7 34. Bd2 h5
35. Bxb4 hxg4 36. Nxe5 gxh3 37. Bxf7+ Kd8 38. Kh2 Rh4 39. Ba3 Re4 40. Ng6 Bf6
41. Bxd6 Nb5 42. Bc5 Rc8 43. Bb6+ Kd7 44. Rad1+ Nd4 45. Be6+ Ke8 46. Rxe4 Rxc2+
47. Kxh3 Bxe4 48. Bxd4 Bf3 49. Rd3 Be4 50. Rb3 Bxf5+ 51. Bxf5 1-0